[Event "CYCC U14 w"]
[Site "Ottawa CAN"]
[Date "2007.07.05"]
[Round "5"]
[White "Sunatori, Evelyne"]
[Black "Orlova, Yelizaveta"]
[Result "0-1"]
[WhiteElo "1418"]
[BlackElo "1895"]
[PlyCount "92"]
[GameId "2160767910659284"]
[EventDate "2007.07.03"]
[EventType "swiss"]
[EventRounds "5"]
[EventCountry "CAN"]
[SourceTitle "EXT 2022"]
[Source "ChessBase"]
[SourceDate "2021.10.06"]
[SourceVersion "1"]
[SourceVersionDate "2021.10.06"]
[SourceQuality "1"]

1. e4 c5 2. Nf3 Nc6 3. Bc4 e6 4. O-O d6 5. Nc3 a6 6. Be2 Be7 7. d3 Nf6 8. h3 O-O 9. Bg5 d5 10. e5 Nd7 11. Bxe7 Qxe7 12. d4 cxd4 13. Nxd4 Ndxe5 14. Nxc6 Nxc6 15. Bd3 Ne5 16. Qh5 Nxd3 17. cxd3 b5 18. d4 Qf6 19. Ne2 Bb7 20. Rac1 Rfc8 21. Rxc8+ Rxc8 22. Qg4 b4 23. a4 a5 24. Rc1 Rxc1+ 25. Nxc1 Bc6 26. b3 Qh6 27. Nd3 Qd2 28. Ne5 Be8 29. f3 Qe3+ 30. Kh2 Qxb3 31. f4 Qe3 32. Nf3 Bxa4 33. f5 exf5 34. Qxf5 Qe6 35. Qb1 h6 36. Qa2 Bd1 37. Qxa5 Bxf3 38. gxf3 b3 39. Qd8+ Kh7 40. Qb8 Qe2+ 41. Kg3 b2 42. Kf4 Qh2+ 43. Kf5 Qxb8 44. h4 b1=Q+ 45. Kg4 h5+ 46. Kh3 Qh1# 0-1

[Event "CYCC U14 w playoff"]
[Site "Ottawa CAN"]
[Date "2007.07.06"]
[Round "1"]
[White "Kagramanov, Dalia"]
[Black "Frenette, Catherine"]
[Result "1-0"]
[WhiteElo "1773"]
[BlackElo "1745"]
[PlyCount "119"]
[GameId "2160767910642428"]
[EventDate "2007.07.06"]
[EventType "match"]
[EventRounds "2"]
[EventCountry "CAN"]
[SourceTitle "EXT 2022"]
[Source "ChessBase"]
[SourceDate "2021.10.06"]
[SourceVersion "1"]
[SourceVersionDate "2021.10.06"]
[SourceQuality "1"]

1. e4 d5 2. exd5 Qxd5 3. Nc3 Qa5 4. d4 Nf6 5. Bd2 c6 6. Nf3 Bf5 7. Bc4 Nbd7 8. O-O e6 9. Re1 Qc7 10. h3 Bd6 11. Nh4 Bg6 12. Nxg6 hxg6 13. Qf3 O-O-O 14. a3 Nb6 15. Qd3 Bc5 16. Be3 Rh4 17. Ne2 Be7 18. Bg5 Rh5 19. Bxf6 Bxf6 20. c3 g5 21. Ng3 Rh4 22. Re4 Rdh8 23. Rae1 Be7 24. Nf5 Rxe4 25. Nxe7+ Qxe7 26. Rxe4 Rh4 27. Bb3 Qf6 28. Rxh4 gxh4 29. c4 Qg5 30. Qd1 Qf5 31. Bc2 Qf4 32. b3 Nd7 33. a4 Qd6 34. Qg4 Qa3 35. Qd1 Qd6 36. Qg4 Qa3 37. Qd1 Nf6 38. Qd3 Qc1+ 39. Qd1 Qf4 40. Qd3 Kc7 41. Qe3 Qd6 42. Qe5 Qxe5 43. dxe5 Nd7 44. f4 g5 45. fxg5 Nxe5 46. Kf2 Kd6 47. Ke3 Ng6 48. Kf3 Ke5 49. g3 hxg3 50. Kxg3 Nf4 51. h4 Nh5+ 52. Kg4 Ng7 53. h5 f5+ 54. Kh4 f4 55. h6 Nf5+ 56. Bxf5 Kxf5 57. h7 Ke4 58. h8=Q Kf3 59. Qc3+ Kg2 60. Kg4 1-0

[Event "CYCC U14 w playoff"]
[Site "Ottawa CAN"]
[Date "2007.07.06"]
[Round "2"]
[White "Frenette, Catherine"]
[Black "Kagramanov, Dalia"]
[Result "0-1"]
[WhiteElo "1755"]
[BlackElo "1773"]
[PlyCount "122"]
[GameId "2160767910642429"]
[EventDate "2007.07.06"]
[EventType "match"]
[EventRounds "2"]
[EventCountry "CAN"]
[SourceTitle "EXT 2022"]
[Source "ChessBase"]
[SourceDate "2021.10.06"]
[SourceVersion "1"]
[SourceVersionDate "2021.10.06"]
[SourceQuality "1"]

1. d4 Nf6 2. c4 g6 3. Nc3 d5 4. cxd5 Nxd5 5. e4 Nxc3 6. bxc3 Bg7 7. Bf4 c5 8. Qa4+ Bd7 9. Bb5 a6 10. Bxd7+ Nxd7 11. Nf3 b5 12. Qd1 O-O 13. O-O Rc8 14. Qd2 Re8 15. Rfd1 Qb6 16. Be3 Qb7 17. e5 e6 18. Bh6 Qc7 19. Bxg7 Kxg7 20. Re1 f6 21. Re4 Rcd8 22. Rh4 Kg8 23. Qh6 Re7 24. exf6 Nxf6 25. Ne5 Rg7 26. Rd1 Qxe5 27. Kf1 Qc7 28. Qe3 Qe7 29. Re1 Re8 30. dxc5 Nd5 31. Qd4 Nxc3 32. Rh3 Na4 33. Re5 Rd8 34. Qg4 Qf6 35. Qxe6+ Qxe6 36. Rxe6 Nxc5 37. Rc6 Na4 38. Rxa6 Re7 39. g3 Rd1+ 40. Kg2 Ra1 41. Rh4 Rxa2 42. Ra8+ Kg7 43. Rb4 Rf7 44. Rf4 Rxf4 45. gxf4 Nc3 46. Rc8 Nd1 47. Rc7+ Kh6 48. Rc1 Nxf2 49. Kg3 Nd3 50. Rb1 Rb2 51. Rd1 Rb3 52. Kg2 Nxf4+ 53. Kf1 b4 54. Rd4 Kg5 55. h4+ Kf5 56. Rd7 h5 57. Rf7+ Kg4 58. Kf2 Rf3+ 59. Kg1 Ne2+ 60. Kg2 Rxf7 61. Kh2 b3 0-1

[Event "CYCC U16"]
[Site "Ottawa CAN"]
[Date "2007.07.03"]
[Round "1"]
[White "Chung, Kevin"]
[Black "Irimia, Andrei"]
[Result "1-0"]
[WhiteElo "2217"]
[BlackElo "1622"]
[PlyCount "69"]
[GameId "2160767910659285"]
[EventDate "2007.07.03"]
[EventType "swiss"]
[EventRounds "7"]
[EventCountry "CAN"]
[SourceTitle "EXT 2022"]
[Source "ChessBase"]
[SourceDate "2021.10.06"]
[SourceVersion "1"]
[SourceVersionDate "2021.10.06"]
[SourceQuality "1"]

1. e4 e6 2. d4 d5 3. e5 c5 4. Nf3 Qb6 5. Bd3 Nc6 6. O-O Bd7 7. a3 Nxd4 8. Nxd4 cxd4 9. Nd2 Ne7 10. Nf3 Nc6 11. b4 a6 12. Re1 a5 13. b5 Na7 14. a4 Bb4 15. Bd2 Bc3 16. Ra3 Rc8 17. Bxc3 dxc3 18. Re3 h6 19. Be2 O-O 20. Raxc3 Rxc3 21. Rxc3 Rc8 22. Qd2 Rxc3 23. Qxc3 Nc8 24. Nd4 Qd8 25. f4 b6 26. Nc6 Bxc6 27. bxc6 Qc7 28. Bb5 Ne7 29. Kf2 Kf8 30. Qa3 g6 31. Qd6 Qxd6 32. exd6 Nf5 33. d7 Ke7 34. c7 Nd6 35. d8=Q# 1-0

[Event "CYCC U16"]
[Site "Ottawa CAN"]
[Date "2007.07.03"]
[Round "1"]
[White "Levesque, Mason"]
[Black "Brown, Gabriel"]
[Result "0-1"]
[WhiteElo "1338"]
[BlackElo "1937"]
[PlyCount "90"]
[GameId "2160767910659286"]
[EventDate "2007.07.03"]
[EventType "swiss"]
[EventRounds "7"]
[EventCountry "CAN"]
[SourceTitle "EXT 2022"]
[Source "ChessBase"]
[SourceDate "2021.10.06"]
[SourceVersion "1"]
[SourceVersionDate "2021.10.06"]
[SourceQuality "1"]

1. e4 c5 2. Bc4 e6 3. Nc3 Nc6 4. Nf3 Nf6 5. e5 Ng4 6. d4 cxd4 7. Nxd4 Ngxe5 8. Nxc6 Nxc6 9. Bf4 Bb4 10. Qd3 d5 11. Bb5 O-O 12. Qg3 Qf6 13. O-O Bxc3 14. bxc3 e5 15. Bg5 Qg6 16. Rfd1 f6 17. Bh4 Qxg3 18. Bxg3 Rd8 19. Rd2 Bf5 20. Rad1 Ne7 21. Bc4 Rac8 22. Bd3 Rxc3 23. Bxf5 Nxf5 24. Rxd5 Rxd5 25. Rxd5 Rxc2 26. h3 Nxg3 27. fxg3 Rxa2 28. Rd8+ Kf7 29. Rd7+ Kg6 30. Rxb7 a5 31. Rb5 h5 32. Kh2 a4 33. Rb4 a3 34. Rb3 Kf5 35. Rb4 Rb2 36. Ra4 a2 37. Ra7 e4 38. Ra3 e3 39. Rxe3 a1=Q 40. g4+ hxg4 41. hxg4+ Kg5 42. Re7 Qf1 43. Rxg7+ Kh6 44. Kh3 Qxg2+ 45. Kh4 Qh2# 0-1

[Event "CYCC U16"]
[Site "Ottawa CAN"]
[Date "2007.07.03"]
[Round "1"]
[White "Liu, Robert"]
[Black "Ang, Alan"]
[Result "0-1"]
[WhiteElo "1526"]
[BlackElo "2050"]
[PlyCount "62"]
[GameId "2160767910659287"]
[EventDate "2007.07.03"]
[EventType "swiss"]
[EventRounds "7"]
[EventCountry "CAN"]
[SourceTitle "EXT 2022"]
[Source "ChessBase"]
[SourceDate "2021.10.06"]
[SourceVersion "1"]
[SourceVersionDate "2021.10.06"]
[SourceQuality "1"]

1. e4 e6 2. d4 d5 3. Nc3 Bb4 4. e5 c5 5. a3 Bxc3+ 6. bxc3 Ne7 7. Qg4 Qc7 8. Qxg7 Rg8 9. Qxh7 cxd4 10. Ne2 Nbc6 11. f4 Bd7 12. Qd3 dxc3 13. Nxc3 O-O-O 14. Nb5 Nxe5 15. Nxc7 Nxd3+ 16. Bxd3 Kxc7 17. Kf2 Bc6 18. g3 d4 19. Re1 Rh8 20. h4 Nd5 21. Bd2 Rhg8 22. Re5 Nf6 23. Ree1 Ng4+ 24. Kg1 Rg7 25. Be4 Nf6 26. Bxc6 Kxc6 27. Kf2 Nh5 28. Rg1 Rdg8 29. Rg2 Nxg3 30. Rag1 Ne4+ 31. Kf3 Nxd2+ 0-1

[Event "CYCC U16"]
[Site "Ottawa CAN"]
[Date "2007.07.03"]
[Round "1"]
[White "MacMillan, Michael"]
[Black "Lai, Matthew"]
[Result "1-0"]
[WhiteElo "1863"]
[BlackElo "1887"]
[PlyCount "77"]
[GameId "2160767910659288"]
[EventDate "2007.07.03"]
[EventType "swiss"]
[EventRounds "7"]
[EventCountry "CAN"]
[SourceTitle "EXT 2022"]
[Source "ChessBase"]
[SourceDate "2021.10.06"]
[SourceVersion "1"]
[SourceVersionDate "2021.10.06"]
[SourceQuality "1"]

1. e4 e5 2. Nf3 Nc6 3. Bc4 Nf6 4. Nc3 Nxe4 5. Bxf7+ Kxf7 6. Nxe4 Be7 7. d3 Rf8 8. O-O Kg8 9. b3 d5 10. Ng3 Bg4 11. Bb2 Bd6 12. c4 e4 13. dxe4 Bxg3 14. Qxd5+ Qxd5 15. exd5 Bd6 16. dxc6 Bxf3 17. gxf3 bxc6 18. Kg2 Rf5 19. Rg1 Raf8 20. Bd4 a6 21. Rae1 Rxf3 22. c5 R3f4 23. cxd6 Rxd4 24. dxc7 Rd7 25. Re6 Rxc7 26. Rc1 Rcf7 27. Rc2 Rf6 28. Rexc6 h6 29. Rxf6 Rxf6 30. Rc4 Kf7 31. Kg3 Rd6 32. h4 g5 33. hxg5 hxg5 34. Ra4 Kg6 35. Kg4 Kf6 36. Kh5 Re6 37. Ra5 Rd6 38. Rxg5 Rd1 39. Ra5 1-0

[Event "CYCC U16"]
[Site "Ottawa CAN"]
[Date "2007.07.03"]
[Round "1"]
[White "Raymer, Evan"]
[Black "Gjorgjevik, Kristijan"]
[Result "1-0"]
[WhiteElo "1935"]
[BlackElo "1369"]
[PlyCount "69"]
[GameId "2160767910659289"]
[EventDate "2007.07.03"]
[EventType "swiss"]
[EventRounds "7"]
[EventCountry "CAN"]
[SourceTitle "EXT 2022"]
[Source "ChessBase"]
[SourceDate "2021.10.06"]
[SourceVersion "1"]
[SourceVersionDate "2021.10.06"]
[SourceQuality "1"]

1. e4 e6 2. d4 d5 3. Nd2 c5 4. exd5 exd5 5. Ngf3 Nf6 6. Bb5+ Nc6 7. O-O Be7 8. dxc5 Bxc5 9. Re1+ Be7 10. Qe2 Bd7 11. c3 Nb8 12. Ne5 a6 13. Bd3 Be6 14. Nb3 Nbd7 15. Nd4 Nc5 16. Nxe6 Nxe6 17. Nxf7 Kxf7 18. Qxe6+ Ke8 19. Bg5 Ng8 20. Bxh7 Qd7 21. Bxg8 Qxe6 22. Rxe6 Rxg8 23. Rxe7+ Kf8 24. Rae1 Rh8 25. R1e3 Rh5 26. h4 b5 27. Rf3+ Kg8 28. Rff7 Rh7 29. Bf6 Rf8 30. Rxg7+ Rxg7 31. Rxg7+ Kh8 32. Rf7+ Kg8 33. Rxf8+ Kxf8 34. g4 Kf7 35. g5 1-0

[Event "CYCC U16"]
[Site "Ottawa CAN"]
[Date "2007.07.03"]
[Round "1"]
[White "Wong, Ming Jing"]
[Black "Kaminski, Victor"]
[Result "0-1"]
[WhiteElo "1683"]
[BlackElo "2306"]
[PlyCount "98"]
[GameId "2160767910659291"]
[EventDate "2007.07.03"]
[EventType "swiss"]
[EventRounds "7"]
[EventCountry "CAN"]
[SourceTitle "EXT 2022"]
[Source "ChessBase"]
[SourceDate "2021.10.06"]
[SourceVersion "1"]
[SourceVersionDate "2021.10.06"]
[SourceQuality "1"]

1. e4 c5 2. Nf3 Nc6 3. d4 cxd4 4. Nxd4 g6 5. Nc3 Bg7 6. Nb3 Nf6 7. Bg5 d6 8. Qd2 h6 9. Be3 Ng4 10. O-O-O Nxe3 11. Qxe3 O-O 12. f4 Be6 13. e5 Nb4 14. a3 Nc6 15. exd6 exd6 16. Nd5 Re8 17. Qf3 Rc8 18. Bc4 Nb4 19. Nxb4 Rxc4 20. Nd5 Bf5 21. Rd2 Be4 22. Qf2 Bxd5 23. Rxd5 Qf6 24. c3 Rxf4 25. Qxa7 Rf1+ 26. Rxf1 Qxf1+ 27. Rd1 Qxg2 28. Qg1 Qxg1 29. Rxg1 Re2 30. Rh1 Be5 31. h3 b6 32. Nd2 Bf4 33. Rd1 Rh2 34. Kc2 f5 35. a4 Kf7 36. Kd3 Rxd2+ 37. Rxd2 Bxd2 38. Kxd2 Ke6 39. Kd3 g5 40. b4 g4 41. hxg4 fxg4 42. Ke4 h5 43. Kf4 Kd5 44. Kg3 Kc4 45. Kh4 d5 46. Kg3 d4 47. a5 bxa5 48. bxa5 Kb5 49. c4+ Kxa5 0-1

[Event "CYCC U16"]
[Site "Ottawa CAN"]
[Date "2007.07.03"]
[Round "1"]
[White "Zhou, Haonan"]
[Black "Dallaire, Patrick"]
[Result "1-0"]
[WhiteElo "2016"]
[BlackElo "1433"]
[PlyCount "141"]
[GameId "2160767910659292"]
[EventDate "2007.07.03"]
[EventType "swiss"]
[EventRounds "7"]
[EventCountry "CAN"]
[SourceTitle "EXT 2022"]
[Source "ChessBase"]
[SourceDate "2021.10.06"]
[SourceVersion "1"]
[SourceVersionDate "2021.10.06"]
[SourceQuality "1"]

1. d4 d5 2. c4 c6 3. Nc3 Nf6 4. Nf3 e6 5. Bg5 Be7 6. e3 O-O 7. Rc1 Nbd7 8. Bd3 h6 9. Bh4 b6 10. cxd5 cxd5 11. O-O Bb7 12. Bb1 Ne4 13. Bxe7 Qxe7 14. Nxe4 dxe4 15. Nd2 Nf6 16. Nc4 Rac8 17. Qd2 Rc7 18. Ne5 Rfc8 19. a3 Bd5 20. Rfe1 Nd7 21. Rxc7 Rxc7 22. Nxd7 Qxd7 23. Rc1 Rc6 24. Rc3 Qc7 25. Bc2 b5 26. Bd1 g6 27. Rxc6 Qxc6 28. h3 Qc4 29. Be2 Qb3 30. Qc1 Bc4 31. Bd1 Qd3 32. Bc2 Qe2 33. Bxe4 f5 34. Bf3 Qd3 35. Qd1 Qxd1+ 36. Bxd1 a6 37. f3 Bd5 38. Kf2 Kf7 39. Bc2 h5 40. e4 Bc6 41. Ke3 Kf6 42. h4 Bb7 43. Bb3 Bc6 44. Kf4 Be8 45. Ba2 Bf7 46. exf5 gxf5 47. Bb1 Bg8 48. Bd3 Bf7 49. Ke3 Ke7 50. d5 exd5 51. Bxf5 Kf6 52. Bc8 a5 53. Kd4 Bg8 54. Bb7 Kf5 55. Bxd5 Bxd5 56. Kxd5 Kf4 57. Kc5 b4 58. axb4 axb4 59. Kxb4 Kg3 60. Kc5 Kxh4 61. b4 Kg3 62. b5 Kxg2 63. b6 h4 64. b7 h3 65. b8=Q Kxf3 66. Qh2 Kg4 67. Kd4 Kh4 68. Ke5 Kg4 69. Qf4+ Kh5 70. Kf5 h2 71. Qg5# 1-0

[Event "CYCC U16"]
[Site "Ottawa CAN"]
[Date "2007.07.03"]
[Round "2"]
[White "Ang, Alan"]
[Black "MacMillan, Michael"]
[Result "1-0"]
[WhiteElo "2050"]
[BlackElo "1863"]
[PlyCount "65"]
[GameId "2160767910659293"]
[EventDate "2007.07.03"]
[EventType "swiss"]
[EventRounds "7"]
[EventCountry "CAN"]
[SourceTitle "EXT 2022"]
[Source "ChessBase"]
[SourceDate "2021.10.06"]
[SourceVersion "1"]
[SourceVersionDate "2021.10.06"]
[SourceQuality "1"]

1. e4 e5 2. Nf3 Nc6 3. Bb5 Nd4 4. Nxd4 exd4 5. O-O Bc5 6. d3 Ne7 7. c3 c6 8. Ba4 d5 9. Nd2 a5 10. exd5 Nxd5 11. Re1+ Be6 12. Ne4 Ba7 13. Ng5 O-O 14. c4 Nc7 15. Bf4 Qf6 16. Qd2 Na6 17. Bd1 Bf5 18. Bf3 Bc5 19. a3 Bg6 20. h4 Nb4 21. Be5 Qf5 22. Be4 Qd7 23. h5 Bxe4 24. Nxe4 Be7 25. axb4 f6 26. Bg3 Bxb4 27. Qf4 Bxe1 28. Rxe1 Rae8 29. Ra1 Re5 30. h6 Rf5 31. Qg4 Rf7 32. Qh3 gxh6 33. Nd6 1-0

[Event "CYCC U16"]
[Site "Ottawa CAN"]
[Date "2007.07.03"]
[Round "2"]
[White "Brown, Gabriel"]
[Black "Chung, Kevin"]
[Result "0-1"]
[WhiteElo "1937"]
[BlackElo "2217"]
[PlyCount "98"]
[GameId "2160767910659294"]
[EventDate "2007.07.03"]
[EventType "swiss"]
[EventRounds "7"]
[EventCountry "CAN"]
[SourceTitle "EXT 2022"]
[Source "ChessBase"]
[SourceDate "2021.10.06"]
[SourceVersion "1"]
[SourceVersionDate "2021.10.06"]
[SourceQuality "1"]

1. c4 e6 2. g3 d5 3. Bg2 Nf6 4. d4 Be7 5. Nf3 O-O 6. Nc3 b6 7. O-O Bb7 8. Bf4 dxc4 9. Qa4 Nd5 10. Qxc4 Nxf4 11. gxf4 Bd6 12. e3 Ba6 13. Qb3 Bxf1 14. Rxf1 Nd7 15. Ne5 Bxe5 16. Bxa8 Bxd4 17. Rd1 Qxa8 18. Rxd4 Nf6 19. Qd1 Qe8 20. f3 e5 21. fxe5 Qxe5 22. Qd2 Re8 23. Nd5 c5 24. Nxf6+ Qxf6 25. Rf4 Rd8 26. Qe2 Qg6+ 27. Kf2 h6 28. Re4 Rd5 29. Qc2 Re5 30. Qd3 Rxe4 31. fxe4 Qf6+ 32. Kg3 Qxb2 33. Qa6 Qe5+ 34. Kf3 Qc7 35. h3 c4 36. Qa4 c3 37. Qc2 Qc4 38. e5 Qd5+ 39. Ke2 Qxe5 40. Qd3 Qh2+ 41. Kd1 Qd2+ 42. Qxd2 cxd2 43. Kxd2 Kf8 44. Kd3 Ke7 45. Ke4 Kd6 46. Kd4 f5 47. e4 f4 48. e5+ Ke6 49. Ke4 g5 0-1

[Event "CYCC U16"]
[Site "Ottawa CAN"]
[Date "2007.07.03"]
[Round "2"]
[White "Dallaire, Patrick"]
[Black "Wong, Ming Jing"]
[Result "0-1"]
[WhiteElo "1433"]
[BlackElo "1683"]
[PlyCount "120"]
[GameId "2160767910659295"]
[EventDate "2007.07.03"]
[EventType "swiss"]
[EventRounds "7"]
[EventCountry "CAN"]
[SourceTitle "EXT 2022"]
[Source "ChessBase"]
[SourceDate "2021.10.06"]
[SourceVersion "1"]
[SourceVersionDate "2021.10.06"]
[SourceQuality "1"]

1. d4 Nf6 2. c4 g6 3. Nf3 Bg7 4. e3 O-O 5. Nc3 d5 6. Be2 dxc4 7. Bxc4 Bg4 8. Be2 Nd5 9. Qb3 Nxc3 10. bxc3 b6 11. h3 Be6 12. Bc4 Bxc4 13. Qxc4 Nd7 14. O-O c5 15. Rb1 Rc8 16. Qd3 e5 17. Bb2 Re8 18. Nd2 cxd4 19. cxd4 Nc5 20. Qa3 exd4 21. exd4 Bxd4 22. Bxd4 Qxd4 23. Nf3 Qa4 24. Qxa4 Nxa4 25. Rb3 Rc2 26. Ra3 b5 27. Rb1 a6 28. Nd4 Rc3 29. Rxc3 Nxc3 30. Rb2 Re1+ 31. Kh2 Ra1 32. Nc6 Rxa2 33. Rxa2 Nxa2 34. Kg3 Kg7 35. Kf3 Kf6 36. Ke4 Nc3+ 37. Kd4 Nd1 38. f3 Kf5 39. Nd8 f6 40. Kc5 Kf4 41. Ne6+ Kg3 42. Nf8 Kxg2 43. Nxh7 Kxf3 44. Nxf6 Kg3 45. Nd7 Kxh3 46. Ne5 g5 47. Kb4 g4 48. Nxg4 Kxg4 49. Kc5 Kf4 50. Kb4 Ke3 51. Kb3 Kd4 52. Kb4 Kd3 53. Kb3 a5 54. Ka3 Kc2 55. Ka2 b4 56. Ka1 a4 57. Ka2 b3+ 58. Ka1 b2+ 59. Ka2 b1=Q+ 60. Ka3 Qb3# 0-1

[Event "CYCC U16"]
[Site "Ottawa CAN"]
[Date "2007.07.03"]
[Round "2"]
[White "Gjorgjevik, Kristijan"]
[Black "Wee, Michael"]
[Result "0-1"]
[WhiteElo "1369"]
[BlackElo "1613"]
[PlyCount "90"]
[GameId "2160767910659296"]
[EventDate "2007.07.03"]
[EventType "swiss"]
[EventRounds "7"]
[EventCountry "CAN"]
[SourceTitle "EXT 2022"]
[Source "ChessBase"]
[SourceDate "2021.10.06"]
[SourceVersion "1"]
[SourceVersionDate "2021.10.06"]
[SourceQuality "1"]

1. e4 e6 2. d4 d5 3. Nd2 a6 4. Ngf3 c5 5. c3 Nc6 6. g3 Be7 7. Bg2 Nf6 8. e5 Nd7 9. O-O O-O 10. Re1 f6 11. h4 fxe5 12. dxe5 Rf5 13. Bh3 Rf8 14. Bxe6+ Kh8 15. Bxd5 Ndxe5 16. Nxe5 Qxd5 17. Nxc6 Bxh4 18. gxh4 Qxc6 19. Ne4 Qg6+ 20. Ng5 h6 21. h5 Qf6 22. Ne4 Qh4 23. Ng3 Bg4 24. Qd3 Bf3 25. Re3 Rad8 26. Qf1 Rd1 27. Re1 Rd5 28. Be3 Rxh5 29. Qg2 Bxg2 30. Kxg2 Qh2+ 31. Kf1 Qxg3 32. Ke2 Qf3+ 33. Kd2 Rd5+ 34. Kc2 Qe4+ 35. Kc1 Rfd8 36. a3 Rd1+ 37. Rxd1 Rxd1+ 38. Kxd1 Qh1+ 39. Kc2 Qxa1 40. Bxc5 h5 41. f4 h4 42. f5 h3 43. Bd6 Qg1 44. Kb3 Qb6+ 45. Bb4 a5 0-1

[Event "CYCC U16"]
[Site "Ottawa CAN"]
[Date "2007.07.03"]
[Round "2"]
[White "Irimia, Andrei"]
[Black "Levesque, Mason"]
[Result "1-0"]
[WhiteElo "1622"]
[BlackElo "1388"]
[PlyCount "83"]
[GameId "2160767910659298"]
[EventDate "2007.07.03"]
[EventType "swiss"]
[EventRounds "7"]
[EventCountry "CAN"]
[SourceTitle "EXT 2022"]
[Source "ChessBase"]
[SourceDate "2021.10.06"]
[SourceVersion "1"]
[SourceVersionDate "2021.10.06"]
[SourceQuality "1"]

1. d4 Nf6 2. Nf3 Nc6 3. Bf4 d6 4. e3 Nd5 5. Bg3 Bg4 6. h3 Bxf3 7. Qxf3 Ncb4 8. Na3 c5 9. c3 Qa5 10. Bb5+ Kd8 11. Qxf7 Nc7 12. Be2 cxd4 13. exd4 Nc6 14. Qh5 g5 15. h4 h6 16. hxg5 Nxd4 17. g6 Nf5 18. Bg4 e6 19. O-O-O Qb6 20. Bxf5 Qc5 21. Bc2 Nd5 22. c4 Rc8 23. cxd5 e5 24. Qe2 Qa5 25. Qd2 Qa4 26. Kb1 Qg4 27. Qa5+ Rc7 28. Rh4 Qg5 29. Rc4 Be7 30. Qxc7+ Ke8 31. Qc8+ Bd8 32. Ba4+ Kf8 33. Qd7 Qxg6+ 34. Bc2 Rh7 35. Qxd8+ Qe8 36. Qxe8+ Kxe8 37. Bxh7 b5 38. Rc7 b4 39. Rxa7 bxa3 40. Rc1 Kd8 41. Bh4+ Ke8 42. Rc8# 1-0

[Event "CYCC U16"]
[Site "Ottawa CAN"]
[Date "2007.07.03"]
[Round "2"]
[White "Kaminski, Victor"]
[Black "Zhou, Haonan"]
[Result "0-1"]
[WhiteElo "2306"]
[BlackElo "2016"]
[PlyCount "128"]
[GameId "2160767910659299"]
[EventDate "2007.07.03"]
[EventType "swiss"]
[EventRounds "7"]
[EventCountry "CAN"]
[SourceTitle "EXT 2022"]
[Source "ChessBase"]
[SourceDate "2021.10.06"]
[SourceVersion "1"]
[SourceVersionDate "2021.10.06"]
[SourceQuality "1"]

1. c4 c5 2. Nc3 Nc6 3. g3 g6 4. Bg2 Bg7 5. e4 Nf6 6. Nge2 O-O 7. O-O Ne8 8. d3 Nc7 9. f4 Rb8 10. Be3 Ne6 11. g4 Ned4 12. f5 d6 13. a3 b5 14. cxb5 Nxb5 15. Rb1 Bd7 16. g5 Nbd4 17. Ng3 f6 18. gxf6 Rxf6 19. Nd5 Rf8 20. fxg6 hxg6 21. Nf4 Qe8 22. h4 Ne6 23. b3 Nxf4 24. Bxf4 Bd4+ 25. Kh1 Qc8 26. h5 Bg4 27. Qd2 Qe6 28. Bh6 Bg7 29. Bxg7 Kxg7 30. Nf5+ gxf5 31. exf5 Rxf5 32. Rxf5 Qxf5 33. Bxc6 Qxh5+ 34. Kg1 Qe5 35. Qb2 Qxb2 36. Rxb2 Kf6 37. b4 cxb4 38. axb4 Bf5 39. d4 Rg8+ 40. Kf2 Rg4 41. b5 Rxd4 42. Ra2 Be4 43. Bxe4 Rxe4 44. Rxa7 Rb4 45. Rb7 Rb3 46. b6 Ke6 47. Rb8 Kd7 48. Rb7+ Ke6 49. Ke2 d5 50. Kd2 Kd6 51. Rb8 Rb5 52. b7 Kd7 53. Kc2 e5 54. Kd2 e4 55. Ke3 Kc7 56. Rc8+ Kxb7 57. Rc1 Rb3+ 58. Kd4 Rd3+ 59. Kc5 Kc7 60. Rh1 Kd7 61. Rh6 e3 62. Rh5 d4 63. Kd5 e2 64. Rh7+ Ke8 0-1

[Event "CYCC U16"]
[Site "Ottawa CAN"]
[Date "2007.07.03"]
[Round "2"]
[White "Lai, Matthew"]
[Black "Liu, Robert"]
[Result "1-0"]
[WhiteElo "1877"]
[BlackElo "1526"]
[PlyCount "51"]
[GameId "2160767910659300"]
[EventDate "2007.07.03"]
[EventType "swiss"]
[EventRounds "7"]
[EventCountry "CAN"]
[SourceTitle "EXT 2022"]
[Source "ChessBase"]
[SourceDate "2021.10.06"]
[SourceVersion "1"]
[SourceVersionDate "2021.10.06"]
[SourceQuality "1"]

1. e4 d5 2. exd5 Nf6 3. c4 c6 4. dxc6 Nxc6 5. Nf3 Bg4 6. Be2 e5 7. d3 Qd7 8. O-O O-O-O 9. Be3 Qf5 10. Nc3 Bb4 11. Qa4 Bxc3 12. bxc3 a6 13. Rab1 e4 14. dxe4 Nxe4 15. Qb3 Rd7 16. h3 Bh5 17. Nh4 Qe5 18. f4 Qa5 19. Bb6 Qxc3 20. Bxh5 Qxb3 21. Rxb3 g6 22. Bg4 f5 23. Nxf5 h5 24. Nd6+ Nxd6 25. Bxd7+ Kxd7 26. Rd1 1-0

[Event "CYCC U16"]
[Site "Ottawa CAN"]
[Date "2007.07.03"]
[Round "2"]
[White "Nadeau, Jeremie"]
[Black "Xu, Haizhou"]
[Result "0-1"]
[WhiteElo "1579"]
[BlackElo "1349"]
[PlyCount "116"]
[GameId "2160767910659301"]
[EventDate "2007.07.03"]
[EventType "swiss"]
[EventRounds "7"]
[EventCountry "CAN"]
[SourceTitle "EXT 2022"]
[Source "ChessBase"]
[SourceDate "2021.10.06"]
[SourceVersion "1"]
[SourceVersionDate "2021.10.06"]
[SourceQuality "1"]

1. e4 c5 2. Nf3 d6 3. d4 cxd4 4. Nxd4 Nf6 5. Nc3 a6 6. Be3 e6 7. Qf3 Be7 8. Bd3 Nbd7 9. Qg3 Ne5 10. O-O-O O-O 11. Bg5 Kh8 12. f4 Nxd3+ 13. Rxd3 h6 14. Bh4 Nxe4 15. Bxe7 Nxg3 16. Bxd8 Nxh1 17. Bh4 e5 18. fxe5 dxe5 19. Nde2 g5 20. Be1 b5 21. Rf3 Bb7 22. Rf5 Bxg2 23. Rxe5 Rae8 24. Rxe8 Rxe8 25. a3 f5 26. Kd2 f4 27. Nd1 f3 28. Nec3 a5 29. Ne3 Bh3 30. Nxb5 f2 31. Bxf2 Nxf2 32. b4 axb4 33. axb4 Ng4 34. Nxg4 Bxg4 35. c4 Re2+ 36. Kd3 Rxh2 37. Nd4 h5 38. b5 h4 39. b6 Rb2 40. c5 h3 41. Kc3 Rb1 42. Kc2 h2 43. Kxb1 h1=Q+ 44. Kb2 Qd5 45. Nb3 Be6 46. Kc3 Qxb3+ 47. Kd4 Qd5+ 48. Kc3 Qxc5+ 49. Kd3 Qxb6 50. Kc2 Qb3+ 51. Kd2 Bg4 52. Kc1 Bf5 53. Kd2 Qd3+ 54. Ke1 Qc2 55. Kf1 Bg4 56. Kg1 Bf3 57. Kf1 Qe2+ 58. Kg1 Qg2# 0-1

[Event "CYCC U16"]
[Site "Ottawa CAN"]
[Date "2007.07.04"]
[Round "3"]
[White "Chung, Kevin"]
[Black "Ang, Alan"]
[Result "1-0"]
[WhiteElo "2217"]
[BlackElo "2050"]
[PlyCount "127"]
[GameId "2160767910659303"]
[EventDate "2007.07.03"]
[EventType "swiss"]
[EventRounds "7"]
[EventCountry "CAN"]
[SourceTitle "EXT 2022"]
[Source "ChessBase"]
[SourceDate "2021.10.06"]
[SourceVersion "1"]
[SourceVersionDate "2021.10.06"]
[SourceQuality "1"]

1. e4 e6 2. d4 d5 3. Nd2 c5 4. exd5 Qxd5 5. Ngf3 cxd4 6. Bc4 Qd8 7. Nb3 Nc6 8. Nbxd4 Nxd4 9. Qxd4 Qxd4 10. Nxd4 Bd7 11. Be2 a6 12. Bf3 Bc5 13. Nb3 Bb6 14. Bxb7 Ra7 15. Bf3 Rc7 16. c3 Nf6 17. O-O O-O 18. Re1 Bc6 19. Be3 Bxe3 20. Rxe3 Bxf3 21. Rxf3 Rd8 22. Kf1 Rcd7 23. Ke1 Ng4 24. Ke2 Ne5 25. Rg3 Nc4 26. Rb1 e5 27. Rg4 Rc7 28. f4 h5 29. Rh4 Re7 30. f5 Rc7 31. Rxh5 a5 32. Rd1 Rxd1 33. Kxd1 Nxb2+ 34. Kc2 Nc4 35. Rh3 a4 36. Nd2 Nd6 37. g4 f6 38. Rd3 Nb5 39. Rd8+ Kf7 40. c4 Na3+ 41. Kd3 e4+ 42. Nxe4 Nxc4 43. Nd6+ Nxd6 44. Rxd6 Ra7 45. a3 Re7 46. Rd5 Rb7 47. Kc4 Rb3 48. Rd3 Rb2 49. h3 Rb1 50. Kc3 Ke8 51. h4 Kf7 52. h5 Ke7 53. Kc2 Rg1 54. Rd4 Rg3 55. Kb2 Rb3+ 56. Ka2 Rf3 57. Rxa4 Rg3 58. Rd4 Ke8 59. a4 Ke7 60. a5 Re3 61. a6 Re2+ 62. Kb3 Kf7 63. a7 Re8 64. Rd7+ 1-0